00283nam a22001097a 4500020001800000082001600018100001700034245005800051260003400109300000800143650002200151 a9789386906915 a320.954 MOR aMore, J.B.P. aMuhammad Ali Jinnah: A Journey from India to Pakistan aNew DelhibNiyogi Booksc2019 a288 aPakistan-Politics